| 000 | 00611nac a22001931u 4500 | ||
|---|---|---|---|
| 020 | _a0750646926 | ||
| 082 |
_a690 _bGRE |
||
| 090 |
_c5741 _d5741 |
||
| 100 | _aGreeno, Roger. | ||
| 245 |
_aBuilding services handbook / _c Fred Hall and Roger Greeno. |
||
| 260 |
_aOxford : _b Butterworth-Heinemann, 2001 _c2001 |
||
| 300 |
_a465 p. : _b ill. ; _c24 cm. |
||
| 500 | _aIncludes index | ||
| 500 | _adistributer: Al-Ahram | ||
| 511 | _acatalogued by: wessam | ||
| 650 |
_aBuilding _v Handbooks, manuals, etc. |
||
| 700 |
_aHall, F. _aq (Fred) |
||
| 942 |
_cBB _k690 GRE |
||
| 999 |
_c5741 _d5741 |
||